Bütün yönleriyle Bektaşilik ve alevilik (Record no. 12000)

MARC details
000 -BAŞLIK
Sabit Uzunlukta Kontrol Alanı 00733na a2200253 4500
001 - KONTROL NUMARASI
Denetim Alanı 23763
003 - KONTROL NUMARASI IDENTIFIER
Denetim Alanı MIRAKIL
005 - SON İŞLEM TARİHİ VE ZAMANI
Denetim Alanı 20181226104239.0
008 - SABİT-BOY VERİ ELEMANLARI - GENEL BİLGİLER
Sabit Uzunlukta Kontrol Alanı 171222b tu 000 0
020 ## - ULUSLARARASI STANDART KİTAP NUMARASI
Uluslararası Standart Kitap Numarası 97897579+02539
041 ## - DİL KODU
Metin / Ses Parça Veya Ayrı Başlığın Dil Kodu tur
082 ## - DEWEY ONLU SINIFLANDIRMA NUMARASI
Sınıflandırma Numarası 297.8
Ürün Numarası D32b 1998
090 ## - SINIFLAMA NUMARASI
Sınıflama Numarası 297.8 D32b 1998
100 ## - ANA GİRİŞ - KİŞİSEL İSİM
Kişisel Ad Dedebaba, Bedri Noyan
245 ## - BAŞLIK TABLOSU
Başlık Bütün yönleriyle Bektaşilik ve alevilik
Sorumluluk Tablosu, Vb Bedri Noyan Dedebaba
260 ## - YAYIN, DAĞITIM, VB
Yayın, Dağıtım, Vb Yeri Ankara
Yayıncı, Dağıtıcı, Vs Adı Ardıç yayınları
Yayın, Dağıtım, Vb Tarihi 1998
300 ## - FİZİKSEL TANIM
Kapsam c.1 , 561 s.
Diğer Fiziksel Ayrıntıları fotg.
Boyutlar 24 sm.
504 ## - KAYNAKÇA VB NOT
Kaynakça Vb Notu kaynakça ve dizin vardır.
650 ## - KONU KATMA GİRİŞ - TOPİKAL DÖNEM
Topikal Süreli Veya Coğrafi Ad Giriş Elemanı İslam Dini
Genel Alt Bölümü Bektaşilik
650 ## - KONU KATMA GİRİŞ - TOPİKAL DÖNEM
Topikal Süreli Veya Coğrafi Ad Giriş Elemanı İnanışlar
Genel Alt Bölümü İslam Dini
650 ## - KONU KATMA GİRİŞ - TOPİKAL DÖNEM
Topikal Süreli Veya Coğrafi Ad Giriş Elemanı İslam Dini
Genel Alt Bölümü Alevilik
942 ## - EKLENDİ GİRİŞ ELEMANLARI (KOHA)
Sınıflandırma Veya Raf Düzeni Kaynak Dewey Decimal Classification
Koha Öğesi Türü Books
040 ## - KATALOGLAMA KAYNAK
Orijinal Kataloglama Ajansı Milas
Kataloglama Dili tur
Metne Dönüştürmek Ajansı TR-AnCHP
999 ## - SİSTEM KONTROL NUMARALARI (KOHA)
Koha Biblionumber 12000
Koha Biblioitemnumber 12000
Holdings
Kullanım Kısıtlamaları Kalıcı Konum Mevcut Konum Edinme Tarihi Toplam Check-Out'Lar Tam Çağrı Numarası Barkod Tarih Son Görülme İtibaren Geçerli Fiyatlar Sigara Kamu Notu Koha Öğesi Türü
  Parti Okulu Kütüphanesi Parti Okulu Kütüphanesi 12/22/2017   297.8 D32b 1998 P00014 12/22/2017 12/22/2017 Books